000 00645nam a2200241Ia 4500
003 OSt
005 20220918183337.0
006 a|||||r|||| 00| 0
007 ta
008 220917b |||||||| |||| 00| 0 eng d
024 _a37,580
037 _cTextual
040 _aARTS
_cARTS
_beng
041 _2eng
_aeng
082 _aO13,1D30:g, 111K7
100 _aButler Samuel
_914555
245 0 _aAuthoress of the Odyssey
260 _aChicago
_bUniv Of Chicago Press
_c1967
300 _a277p.
_ccm.
650 _aENGLISH LITERATURE
942 _hO13,1D30:g, 111K7
_cTEXL
_2CC
999 _c172369
_d172369